| 000 | 00409nam a2200169Ia 4500 | ||
|---|---|---|---|
| 008 | 180424s9999 xx 000 0 und d | ||
| 084 | _a332.1 L2 | ||
| 100 | _a"Lazar, Daniel" | ||
| 245 | 0 | _aMicro Finance and Poverty Eradication | |
| 250 | _a\\200800ENGGPSX | ||
| 260 | _aNCBH | ||
| 260 | _b2008 | ||
| 260 | _cNew Delhi | ||
| 300 | _a607p. | ||
| 500 | _aincludes index and biblioraphy | ||
| 942 | _cBK | ||
| 999 |
_c82349 _d82349 |
||